Drake A-Z - Statistics

General Stats
  • This quiz has been taken 149 times
  • The average score is 10 of 27
Answer Stats
Hint Answer % Correct
O One Dance | Over | Over My Dead Body | Overdrive | Own It
66%
9 9 | 9AM in Dallas
64%
F Fair Trade | Faithful | Falling Back | Fancy | Fear of Heights | Feel No Ways | Final Fantasy | Find Your Love | Finesse | Fire & Desire | Fireworks | First Person Shooter | Flight's Booked | Fountains | From Time | Fucking Fans | Further Thing
63%
C Calling for You | Calling My Name | Cameras | Can't Take a Joke | Cece's Interlude | Champagne Poetry | Childs Play | Come Thru | Connect | Controlla | Crew Love | Currents
59%
T Take Care | Talk Up | Texts Go Green | Tie That Binds | Thank Me Now | That's How You Feel | Too Good | Too Much | TSU | Tried Our Best | Tuscan Leather
57%
8 8 Out of 10 | 8AM in Charlotte
55%
H Hate Sleeping Alone | Headlines | Hold On We're Going Home | Hotline Bling | HYFR | Hype
51%
G Gently | Get Along Better | Girls Want Girls | God's Plan | Grammys
49%
M Make Me Proud | March 14 | Marvins Room | Members Only | Miss Me | Massive | Mob Ties | The Motion | The Motto
46%
R Race My Mind | Ratchet Happy Birthday | The Real Her | Red Button | Redemption | The Remorse | The Resistance | Rich Baby Daddy | The Ride
42%
S Sandra's Rose | Screw the World | The Shoe Fits | Shot for Me | Show Me a Good Time | Shut It Down | Slime You Out | Started from the Bottom | Sticky | Still Here | Stories About My Brother | Successful | Summer Games | Summers Over Interlude | Survival
42%
W Way 2 Sexy | We'll Be Fine | Weston Road Flows | Wick Man | What Would Pluto Do | With You | Worst Behavior | Wu-Tang Forever
36%
V Views | Virginia Beach
34%
B Bahamas Promises | BBL Love | Best I Ever Had | Blue Tint | Buried Alive Interlude
31%
I IDGAF | I'm Upset | IMY2 | In My Feelings | In the Bible | Intro | Is There More
31%
P Papi's Home | Peak | Pipe Down | Polar Opposites | Pop Style | Pound Cake | Practice
30%
A A Keeper | After Dark | All Me | All the Parties | Amen | Another Late Night | Away from Home
27%
L The Language | Liability | Light Up | Look What You've Done | Lord Knows | Love All
27%
J Jaded | Jimmy Cooks
25%
N N 2 Deep | Nice for What | Nonstop | No Friends in the Industry
25%
K Karaoke | Keep the Family Close | Knife Talk
24%
U U With Me | Under Ground Kings | Unforgettable | Up All Night | Uptown
24%
D Daylight | Doing It Wrong | Don't Matter to Me | Down Hill | Drew a Picasso
20%
7 7969 Santa | 7AM on Bridle Path
19%
Y Yebba's Heartbreak | You Broke My Heart | You Only Live Twice
19%
E Elevate | Emotionless | Evil Ways
14%
3 305 to My City
12%
No matching quizzes found
Score Distribution
Percent of People with Each Score
Percentile by Number Answered
Your Score History
You have not taken this quiz